000 00402nam a2200169Ia 4500
008 160105s9999 xx 000 0 und d
041 _afre
245 _aManuel d'analyse des corps gras
260 _aParis
260 _bAzoulay
260 _c1968
300 _bill., tabl., graph.
654 _xCORPS GRAS/ACIDE GRAS/ACYLGLYCEROLE
942 _c09
994 _a120415
999 _c19780
_d47778